Normal view
MARC view
- Huma bulland
Entry Personal Name
001 - CONTROL NUMBER
- control field: 93358
003 - CONTROL NUMBER IDENTIFIER
- control field: NUST
005 - DATE AND TIME OF LATEST TRANSACTION
- control field: 20220706185607.0
008 - FIXED-LENGTH DATA ELEMENTS
- fixed length control field: 220706|| aca||aabn | a|a d
040 ## - CATALOGING SOURCE
- Original cataloging agency: NUST
- Transcribing agency: NUST
100 ## - HEADING--PERSONAL NAME
- Personal name: Huma bulland
670 ## - SOURCE DATA FOUND
- Source citation: Work cat.: (NUST)10616: Huma bulland, Indentity life cycle management and access management of learning management system (LMS) through IBM tivoli indentity manager and IBM tivoli access manager for e-business, 2011
